000 00406nam a22001697a 4500
003 OSt
008 241023b |||||||| |||| 00| 0 eng d
020 _a9781908126108
082 _a689 LEP
100 _aLEE, Vinny
245 _a10 Principles of Good Interior Design
250 _a1st. ed.
260 _aChina,
_bVivays Publishing,
_c2011,
300 _a216 p.
650 _aB.FAD.
942 _2ddc
_cREF
999 _c12970
_d12970